000 00516nam a2200181 i 4500
001 137718
003 ES-MaACL
005 20231228173419.0
007 t|
008 070214s1971 sp r ||||1| spa d
100 1 _aSalgado, Enrique.
_9101895
245 1 0 _aSevero Ochoa /
_cEnrique Salgado.
260 _aBarcelona :
_bDopesa,
_c1971.
300 _a78 p., 1 lám. :
_bil. ;
_c20 cm.
600 1 4 _aOchoa, Severo,
_d1905-1993
_986482
852 _aES-MaACL
_jC-41532
_bR.79889
999 _c137718
_d137718